Cárcel de mujeres en el Antiguo Régimen: teoría y realidad penitenciaria en las galeras
| 1. VerfasserIn: | |
|---|---|
| Medienart: | Druck Buch |
| Sprache: | Spanisch |
| Veröffentlicht: |
Madrid
Dykinson
[2018]
|
| In: | Jahr: 2018 |
| Online-Zugang: |
Inhaltsverzeichnis Klappentext |
| Bestand in Tübingen: | In Tübingen vorhanden. UB: KB 21 A 72 |
| Verfügbarkeit prüfen: | HBZ Gateway |
| Subito Bestelldienst: | Jetzt bestellen. |
| Schlagwörter: |
MARC
| LEADER | 00000cam a2200000 c 4500 | ||
|---|---|---|---|
| 001 | 1645859460 | ||
| 003 | DE-627 | ||
| 005 | 20260122093434.0 | ||
| 007 | tu | ||
| 008 | 190225s2018 xx ||||| 00| ||spa c | ||
| 020 | |a 9788491489665 |9 978-84-9148-966-5 | ||
| 035 | |a (DE-627)1645859460 | ||
| 035 | |a (DE-576)518012506 | ||
| 035 | |a (DE-599)BSZ518012506 | ||
| 040 | |a DE-627 |b ger |c DE-627 |e rda | ||
| 041 | |a spa | ||
| 084 | |a 2,1 |2 ssgn | ||
| 100 | 1 | |a Torremocha Hernández, Margarita |e VerfasserIn |0 (DE-588)1057217557 |0 (DE-627)795146833 |0 (DE-576)413642941 |4 aut | |
| 109 | |a Torremocha Hernández, Margarita |a Torremocha-Hernández, Margarita |a Hernández, Margarita Torremocha |a Torremocha, Margarita | ||
| 245 | 1 | 0 | |a Cárcel de mujeres en el Antiguo Régimen |b teoría y realidad penitenciaria en las galeras |c Margarita Torremocha Hernández |
| 264 | 1 | |a Madrid |b Dykinson |c [2018] | |
| 300 | |a 307 Seiten | ||
| 336 | |a Text |b txt |2 rdacontent | ||
| 337 | |a ohne Hilfsmittel zu benutzen |b n |2 rdamedia | ||
| 338 | |a Band |b nc |2 rdacarrier | ||
| 583 | 1 | |a Archivierung/Langzeitarchivierung gewährleistet |f SSG |x XA-DE-BW |2 pdager |5 DE-21 | |
| 689 | 0 | 0 | |d g |0 (DE-588)4055964-6 |0 (DE-627)104616806 |0 (DE-576)209116080 |a Spanien |2 gnd |
| 689 | 0 | 1 | |d s |0 (DE-588)4018202-2 |0 (DE-627)104270705 |0 (DE-576)208923209 |a Frau |2 gnd |
| 689 | 0 | 2 | |d s |0 (DE-588)4057803-3 |0 (DE-627)106149431 |0 (DE-576)209123753 |a Strafverfolgung |2 gnd |
| 689 | 0 | 3 | |d s |0 (DE-588)4444800-4 |0 (DE-627)225312824 |0 (DE-576)212506862 |a Frauengefängnis |2 gnd |
| 689 | 0 | 4 | |a z |2 gnd |a Geschichte 1600-1900 |
| 689 | 0 | |5 DE-101 | |
| 856 | 4 | 2 | |u https://swbplus.bsz-bw.de/bsz1645859460inh.htm |m V:DE-576;B:DE-21 |q application/pdf |v 20190605154443 |3 Inhaltsverzeichnis |7 1 |
| 856 | 4 | 2 | |u https://swbplus.bsz-bw.de/bsz1645859460kla.htm |m V:DE-576;B:DE-21 |q application/pdf |v 20190605154443 |3 Klappentext |7 1 |
| 951 | |a BO | ||
| ELC | |b 1 | ||
| LOK | |0 000 xxxxxcx a22 zn 4500 | ||
| LOK | |0 001 3315894655 | ||
| LOK | |0 003 DE-627 | ||
| LOK | |0 004 1645859460 | ||
| LOK | |0 005 20190425151840 | ||
| LOK | |0 008 190225||||||||||||||||ger||||||| | ||
| LOK | |0 040 |a DE-21 |c DE-627 |d DE-21 | ||
| LOK | |0 852 |a DE-21 | ||
| LOK | |0 852 1 |c KB 21 A 72 |9 00 | ||
| LOK | |0 935 |a krim | ||
| LOK | |0 938 |a 1904 |f 34 | ||
| LOK | |0 939 |a 25-02-19 |b l01 | ||
| ORI | |a SA-MARC-krimdoka001.raw | ||
| SIG | |a UB: KB 21 A 72 | ||
| TIM | |a 100016000101_100019001231 |b Geschichte 1600-1900 | ||
